Представление документа в формате RUSMARC

ПолеНазваниеЗначение
  Тип записи a
  Библиографический уровень m
001 Контрольный номер RU/SLIB/B/208733788
005 Дата корректировки 20201206204031.5
010 Индекс ISBN __
d Цена 0-15
101 Язык документа __
a Язык текста rus
200 Заглавие и сведения об ответственности __
a Заглавие Конституция (Основной закон) Российской Советской Социалистической Республики
e Сведения, относящиеся к заглавию Принята на внеочеред. 7 сессии Верховного Совета РСФСР 9 созыва 12 апреля 1978 г.
b Общее обозначение материала Текст
210 Выходные данные __
a Место издания М.
c Издательство Совет. Россия
d Дата издания 1986
215 Физическое описание __
a Объем 48 с.
606 Тематические рубрики __
a Основная рубрика Конституционное (государственное) право в целом
z Хронологическая подрубрика 1978 г.; 20 в.
y Географическая подрубрика Россия
610 Ключевые слова __
a Ключевые слова конституция
686 Индексы других классификаций __
a Классификационный индекс 67.400.11-1(2)
801 Источник записи _0
a Страна RU
b Организация Муниципальное бюджетное учреждение культуры "Централизованная библиотечная система" г. Сургут (Центральная городская библиотека им. А. С. Пушкина)
g Правила каталогизации КиК/Михайлова
801 Источник записи _1
a Страна RU
b Организация Муниципальное бюджетное учреждение культуры "Централизованная библиотечная система" г. Сургут (Центральная городская библиотека им. А. С. Пушкина)
g Правила каталогизации КиК/Михайлова
852 Данные о местонахождении __
j Шифр хранения 67.400.11-1(2)
c Каталожный индекс 67.400.1(2)-3
i Авторский знак К 65
p Инвентарный номер Б/Н
901 Тип документа __
t Тип документа m
990 Данные о заказе (DOS) __
j Количество экземпляров (DOS) 1